00581nam a2200169Ia 4500008004100000100001900041245008400060245003600144260005900180260000900239300001200248650001800260650001500278856002600293999001900319952007300338170221s9999 xx 000 0 und d aJulie B. Wiest aMediatization in the Arab World: A Cross-Cultural Comparison of New Media Use  cJulie B. Wiest, Nahed Eltantawy bOnline Journal of Communication and Media Technologies c2014 a34 : 11 xCommunication xMedia Arts uhttp://www.ojcmt.net/ c310860d310860 001040aCLbCLd2017-02-21l0r2017-02-21 00:00:00w2017-02-21yFOJ